Регионална библиотека "Любен Каравелов" - Русе

Миопатии (Запис номер 467198)

MARC детайли
000 -Лидер
Контролно поле с фиксирана дължина nam a22 a 4500
003 - Код на организацията, давaща контролен номер
Контролно поле BLK
005 - Дата и час на последна редакция
Контролно поле 20220719113425.0
008 - Елементи от данни с фиксирана дължина
fixed length control field 220719b bu |||||r|||| 00| | bu d
040 ## - Източник на каталожния запис
Идентификатор на билиотеката - собственик на записа BLK
041 ## - Код за език
Код за езика на текст/звукозапис или на отделно заглавие Български
Код за езика КДБФ Български
080 ## - УДК
Текстов определител УДК Болести на мускулите - Разкъсвания, миозит, мускулна атрофия, миалгии (болки), парализи и др.
УДК код - определител по УДК 616.74
УДК - код + определител 616.74
100 ## - Редна дума - Автор
R(LIN) 316382
Автор Божинов, Сашо Николов
Авторска отговорност първи автор
139 ## - Редно поле
Редна дума Миопатии
245 ## - Сведения за заглавието
Заглавие Миопатии
Подзаглавни данни Клин., биохим., хистол. и електронномикроскопски изследвания : [Моногр.]
Редно поле (дума) Сашо Божинов и др. ; под ред. на С. Божинов, Г. Гълъбов
260 ## - Област на издателските данни
9 (RLIN) 209542
Място на издаване, разпространение и проч. София
Име на издателя, разпространителя и проч. Медицина и физкултура
Година на издаване 1973
300 ## - Физическа характеристика
Страници 300 с.
Илюстрации и др. с ил., табл.
Размери/Мащаб 23 см
380 ## - Жанр
Жанр Медицина
500 ## - Общи забележки
Забележка Други авт.: Т. Божинова, Ив. Георгиев, Г. Гълъбов, М. Давидов, Р. Димова, А. Иванова, А. Къркеселян, Ив. Лолова, Ст. Манолов, С. Пенчева, Е. Цветанова, Я. Янков ; Авт. отбелязани на с. 5<br/>1 590 тир<br/>Библиогр. с. 249-266 ; Рез. на рус., англ. ез.
650 #0 - Допълнително описание по предмет – тема
9 (RLIN) 428033
Основно описание – тема или топоним Мускули
653 #7 - Ключова дума – ненормативна
9 (RLIN) 191582
Ключова дума мускули
653 #7 - Ключова дума – ненормативна
9 (RLIN) 182223
Ключова дума болести
700 ## - Други автори (авторска отговорност)
9 (RLIN) 864
Лично име Гълъбов, Георги
Автороска отговорност (Описва отношението между автора и произведението) под общ. ред. на
852 ## - Местоположение
Форматна сигнатура Цб 66247
Фондова буква Хранилище
999 ## - СИСТЕМНИ КОНТРОЛНИ НОМЕРА
Koha biblionumber 467198
Koha biblioitemnumber 467198
942 ## - АРТИКУЛИ
Вид на библиотечния материал Книги
Скрит в OPAC Не
Периодичен библиозапис Да
944 ## - СЪЗДАВАНЕ И РЕДАКЦИЯ на ЗАПИСА
Създаване/Редакция Създаване
Дата на регистрацията/редакция 2022-07-19
Служител, извършил регистрацията/редакцията Микаела Микова-Илиева
Статус, дата на статуса 2022-07-19
Наличности
Код за отписване Код за изгубен артикул Източник на класификационната схема Код за повреда Коз за рестрикции Код за отдаване Артикулен № Име на библиотеката - собственик Име на библиотеката, в която се намира в момента Статус (Текущо местоположение) Дата на вписване в системата Местоположение - отдел Цена в лева Инвентарен номер Систематично азбучна сигнатура Баркод Цена в евро Служебен тип на артикула
  Не е изгубен Universal Decimal Classification Не е повреден само за читалня ползва се в читалня 897385 Регионална библиотека "Любен Каравелов" Русе Регионална библиотека "Любен Каравелов" Русе Хранилище 2022-07-27 Хранилище 2.14 133312 Цб 66247 120000133312 1.09 Книги
Vip Innovations Ltd, Rousse, Bulgaria 2025